Statistics for Counties of Rhode Island

Click here to take the quiz!

General Stats

  • This quiz has been taken 7 times
  • The average score is 3 of 5

Answer Stats

County% Correct
Washington
100%
Providence
75%
Bristol
50%
Newport
50%
Kent
25%

Score Distribution

Percentile by Number Answered

Percent of People with Each Score

Your Score History

You have not taken this quiz